000 00782nam a2200289Ia 4500
005 20260324141955.0
008 008 260324s9999 xx 000 0 eng d
020 _a9781315050492
037 _aEBOOK
040 _aCRL
040 _beng
040 _cCRL
041 _2eng
041 _aeng
084 _qCRL
100 _aPhilip E. Urofsky; Melvin I. Urofsky
_91210209
245 4 _aThe Right to Die
245 0 _bV1 Definitions and Moral Perspectives: Death, Euthanasia, Suicide, and Living Wills, V2 Who Decides? Issues and Case Studies
260 _bTaylor and Francis
260 _c1996
365 _a
365 _b540
856 _uhttp://www.taylorfrancis.com/books/9781315050492
942 _cEBOOK
999 _c1813881
_d1813881